LEADER 01895nam a2200337 u 4500 001 000000017742 003 CaOOAMICUS 005 20070226110608.0 008 940513s1985 it c u000 u ita u 035 $a10413260 040 $aEFR$bita 041 0 $aita$afre 111 2 $aConvegno di teologia sacramentaria$n(7. :$d1984 :$cRoma).$0(OLS)http://pul/name/15932 245 13$aIl ministero ordinato nel dialogo ecumenico :$briflessioni di teologi cattolici sul documento di Lima 1982 : atti del VII Convegno di teologia sacramentaria, 22-24 novembre 1984 /$ca cura di Giustino Farnedi e Philippe Rouillard. 260 $aRoma :$bPontificio Ateneo S. Anselmo,$c1985. 300 $a232 p. :$bportr. ;$c25 cm 490 1 $aStudia Anselmiana ;$v92.$aSacramentum ;$v9 500 $a"Scritti in onore di Gerardo J. Békés". 500 $aTesto in italiano e francese. 600 14$aBékés, Gellert,$cO.S.B.,$d1915-$0(OLS)http://pul/subject/12456 650 4$aOrdinazione$xCongressi.$0(OLS)http://pul/subject/12457 650 4$aTeologia pastorale$xCongressi.$0(OLS)http://pul/subject/12458 700 1 $aRouillard, Philippe,$cO.S.B.,$d1926-$0(OLS)http://pul/name/15933 700 1 $aFarnedi, Giustino,$cO.S.B.,$d1939-$0(OLS)http://pul/name/453 830 0$aStudia Anselmiana ;$v92.$0(OLS)http://pul/title/554 830 0$aStudia Anselmiana.$pSacramentum ;$v9.$0(OLS)http://pul/title/7251 850 $aPUL 852 $aPUL$W1$xSL Religione 3$y85$m230. 05 COLL 2.92$j24999$nBK-PRI$qDDC 21$B24999$CPULBib$Z2$F24999 $H53717 $82 941 1 $a9 996 $6245$aIl ministero ordinato nel dialogo ecumenico :$briflessioni di teologi cattolici sul documento di Lima 1982 : atti del VII Convegno di teologia sacramentaria, 22-24 novembre 1984$9(OLS)http://pul/title/25383 996 $6260$aRoma :$bPontificio Ateneo S. Anselmo$9(OLS)http://pul/publisher/48098 LEADER 01487nam a2200289 u 4500 001 000000106695 003 CaOOAMICUS 005 20070905101129.0 008 070905s1995 fr u000 u fre u 020 $a2-204-05153-5 040 $aPUL$bita$dPG 111 2 $aCongrès de l'ACFEB$n(15:$d1993:$cParigi).$0(OLS)http://pul/name/79834 245 13$aLa sagesse biblique :$bde l'Ancien au nouveau Testament : Actes du XVe Congrès de l'ACFEB : Paris, du 30 août au 3 sept. 1993 /$cpubliés sous la direction de Jacques Trublet. 260 $aParis :$bLes Éditions du Cerf,$c1995. 300 $a617 p. ;$c23 cm. 490 1 $aLectio divina ;$v160 504 $aInclude bibliografie (p. [519]-563) e indici. 630 04$aBiblia$vCongressi.$0(OLS)http://pul/subject/9582 700 1 $aTrublet, Jacques.$0(OLS)http://pul/name/65519 710 2 $aAssociation catholique française pour l'étude de la Bible.$0(OLS)http://pul/name/9342 830 0$aLectio divina ;$v160.$0(OLS)http://pul/title/3461 850 $aPUL 852 $aPUL$W1$xSL Religione 1$y3$m9 I 160$j120681$qStampati$B119893$CPULBib$Z2$F119893 $H79173 $82 941 1 $a8 996 $6020$a2-204-05153-5$9(OLS)http://pul/number/135439 996 $6245$aLa sagesse biblique :$bde l'Ancien au nouveau Testament : Actes du XVe Congrès de l'ACFEB : Paris, du 30 août au 3 sept. 1993$9(OLS)http://pul/title/134326 996 $6260$aParis :$bLes Éditions du Cerf$9(OLS)http://pul/publisher/47861